Statistics for Pop-Up General Knowledge Quiz #1

Click here to take the quiz!

General Stats

  • This quiz has been taken 183 times
  • The average score is 7 of 22

Answer Stats

Clue Answer % Correct
Lincoln: Four ____ and seven years agoSix
100%
What does the 'I' in ROYGBIV stand for?Score
77%
World's 3rd largest countryIndigo
71%
Phonetic alphabet code for the letter 'F'China
65%
Brand's slogan is 'Just Do It'Foxtrot
52%
e.g. Mom, Racecar, RedderNike
52%
Nuuk's territoryPalindrome
33%
State that is 'as flat as a pancake'x = 7
26%
Solve for x: 2x + 3x = 35Greenland
24%
What this symbol is called: &Kansas
19%
"The Road Not Taken" poem authorToe
18%
Three-letter body part starting with 'T'Ampersand
18%
2nd top world language, 405 mil speakersRobert Frost
15%
What is 2 to the power of 5?Spanish
13%
What organ produces bile?32
12%
Name the first released Pixar movieLiver
12%
The only capital city starting with 'I'Toy Story
11%
Correct the mistake: There house is cold.Islamabad
9%
What is the 6th planet from the sun?Their
9%
Fill in the blank: Green ____ and HamSaturn
8%
The tallest building in the worldEggs
7%
Burj Khalifa
7%

Score Distribution

Percentile by Number Answered

Percent of People with Each Score

Your Score History

You have not taken this quiz